000
00307nam a22001217a 4500
040
_c
HS
082
_a
338 ALL 1994 C086
100
_a
ALLAN N. RAE
245
_a
Agricultural management economics : activity analysis and decision making
260
_a
UK
_b
ALLAN N. RAE
_c
1994
300
_a
358p;
942
_c
EK
999
_c
11079
_d
11079